000 01199nam a2200385 c 4500
001 20529
003 ES-MaCES
005 20150929135822.0
008 070910s2007 sp o t 000 | spa d
017 _aB 21832-2007
_bDL
020 _a9788483077894
035 _aCES20070010922m
040 _aES-MaCES
_bspa
_cES-MaCES
100 1 _aEstefanía, Joaquín
_911468
245 1 3 _aLa larga marcha
_b: medio siglo de política (económica) entre la historia y la memoria
_cJoaquín Estefania
250 _a1ª ed
260 _aBarcelona
_bEdiciones Peninsula
_c2007
300 _a585 p.
_bfot. bl. y n.
_c23 cm
490 1 _aAtalaya
_v287
500 _aÍndices
541 _cCompra
650 4 _apolítica
_927246
650 4 _adesarrollo político
_929225
650 4 _apolítica económica
_927025
650 4 _aacuerdo económico
_927961
650 4 _aEspaña
_926964
650 4 _a1959-uuuu
_931907
650 4 _ahistoria
_927251
653 1 0 _aCiencias Sociales-Políticas
650 4 _930664
_aconcertación social
830 0 _aAtalaya (Ediciones Península)
_v283
_934339
902 _aLIB Libro
942 _2CES
_cBK
_h7.0.
999 _c20529
_d20529